000 00769cam a2200241 4500
001 J88130
008 090401t1997 xxu||||| |||| 00| 0 eng d
020 _a1899110178
035 _a(Sirsi) u82514
041 _aeng
050 _a549.66
110 _aInstitute for Environment and Health
_93563
245 _aFibrous materials in the environment : a review of asbestos and man-made mineral fibres.
260 _aLeicester
_bInstitute for Environment and Health
_c1997
300 _a108p. : ill. ; 30cm.
350 _a30
650 _aMANAGEMENT-HEALTH AND SAFETY-HAZARDOUS SUBSTANCES-ASBESTOS
650 _aMINERAL FIBRES
690 _aBUILDING AND CONSTRUCTION-MATERIALS
710 _aBuilding Research Establishment
942 _n0
948 _c04/12/1997
999 _c96790
_d96790